000 00626cab a2200241 4500
001 X3707
008 090401t1996 xxu||||| |||| 00| 0 eng d
035 _a(Sirsi) u32273
041 _aeng
100 _aCawkwell, R.
245 _aSheffield host conference on strategic urban management
260 _c1996
350 _a0
490 _aCSM (Chartered Surveyor Monthly)
_v5(10) July/August 1996, 32-33(2)
650 _aCITIES 96
650 _aMEADOWHALL
650 _aPRIVATE FINANCE INITIATIVE
650 _aREGENERATION
650 _aSHEFFIELD
690 _aURBAN RENEWAL
942 _n0
948 _c04/03/1997
999 _c21660
_d21660